Applied numerical methods with MATLAB for engineers and scientists / (Record no. 11017)
[ view plain ]
| 000 -LEADER | |
|---|---|
| fixed length control field | 01236cam a2200349 i 4500 |
| 001 - CONTROL NUMBER | |
| control field | 14492762 |
| 003 - CONTROL NUMBER IDENTIFIER | |
| control field | EG-ScBUE |
| 005 - DATE AND TIME OF LATEST TRANSACTION | |
| control field | 20241029090602.0 |
| 008 - FIXED-LENGTH DATA ELEMENTS--GENERAL INFORMATION | |
| fixed length control field | 060811t2008 nyua f b 001 0 eng d |
| 020 ## - INTERNATIONAL STANDARD BOOK NUMBER | |
| International Standard Book Number | 9780071259217 |
| 020 ## - INTERNATIONAL STANDARD BOOK NUMBER | |
| International Standard Book Number | 007125921X |
| 040 ## - CATALOGING SOURCE | |
| Original cataloging agency | DLC |
| Language of cataloging | eng |
| Description conventions | rda |
| Transcribing agency | DLC |
| Modifying agency | BAKER |
| -- | C#P |
| -- | YDXCP |
| -- | OCLCQ |
| -- | EG-ScBUE |
| 082 04 - DEWEY DECIMAL CLASSIFICATION NUMBER | |
| Classification number | 518 |
| Edition number | 22 |
| Item number | CHA |
| 100 1# - MAIN ENTRY--PERSONAL NAME | |
| Personal name | Chapra, Steven C., |
| Relator term | author. |
| 245 10 - TITLE STATEMENT | |
| Title | Applied numerical methods with MATLAB for engineers and scientists / |
| Statement of responsibility, etc | Steven C. Chapra, berger chair in computing and engineering, Tufts University. |
| 250 ## - EDITION STATEMENT | |
| Edition statement | Second edition. |
| 250 ## - EDITION STATEMENT | |
| Edition statement | McGraw-Hill international edition. |
| 264 #1 - PUBLICATION, DISTRIBUTION, ETC. (IMPRINT) | |
| Place of publication, distribution, etc | New York : |
| Name of publisher, distributor, etc | McGraw-Hill Higher Education, |
| Date of publication, distribution, etc | [2008] |
| 264 #4 - PUBLICATION, DISTRIBUTION, ETC. (IMPRINT) | |
| Date of publication, distribution, etc | c2008 |
| 300 ## - PHYSICAL DESCRIPTION | |
| Extent | xx, 588 pages : |
| Other physical details | illustrations ; |
| Dimensions | 25 cm |
| 336 ## - CONTENT TYPE | |
| Source | rdacontent |
| Content type term | text |
| Content type code | txt |
| 337 ## - MEDIA TYPE | |
| Media type term | unmediated |
| Source | rdamedia |
| Media type code | n |
| 338 ## - CARRIER TYPE | |
| Carrier type term | volume |
| Carrier type code | nc |
| Source | rdacarrier |
| 504 ## - BIBLIOGRAPHY, ETC. NOTE | |
| Bibliography, etc | Includes bibliographical references and index.<br/> |
| 590 ## - LOCAL NOTE (RLIN) | |
| Local note | doaa mohamed |
| 630 07 - SUBJECT ADDED ENTRY--UNIFORM TITLE | |
| Uniform title | MATLAB |
| Form subdivision | Textbooks. |
| Source of heading or term | BUEsh |
| 9 (RLIN) | 29552 |
| 650 #7 - SUBJECT ADDED ENTRY--TOPICAL TERM | |
| Topical term or geographic name as entry element | Numerical analysis |
| General subdivision | Data processing |
| Form subdivision | Textbooks. |
| Source of heading or term | BUEsh |
| 9 (RLIN) | 29553 |
| 651 ## - SUBJECT ADDED ENTRY--GEOGRAPHIC NAME | |
| Source of heading or term | BUEsh |
| 653 ## - INDEX TERM--UNCONTROLLED | |
| Resource For college | Engineering, General |
| Arrived date list | August2015 |
| -- | September2017 |
| 655 ## - INDEX TERM--GENRE/FORM | |
| Form subdivision | Reading book |
| 942 ## - ADDED ENTRY ELEMENTS (KOHA) | |
| Source of classification or shelving scheme | Dewey Decimal Classification |
| Koha item type | Book - Borrowing |
| Withdrawn status | Lost status | Source of classification or shelving scheme | Damaged status | Not for loan | Collection code | Home library | Current library | Shelving location | Date acquired | Source of acquisition | Cost, normal purchase price | Total Checkouts | Total Renewals | Full call number | Barcode | Date last seen | Date checked out | Cost, replacement price | Koha item type | Price effective from | Serial Enumeration / chronology | Materials specified (bound volume or other part) |
|---|---|---|---|---|---|---|---|---|---|---|---|---|---|---|---|---|---|---|---|---|---|---|
| Dewey Decimal Classification | Baccah | Central Library | Central Library | First floor | 05/03/2009 | Purchase | 160.00 | 15 | 52 | 518 CHA | 000046581 | 15/07/2025 | 17/03/2024 | 200.00 | Book - Borrowing | |||||||
| Dewey Decimal Classification | Baccah | Central Library | Central Library | First floor | 05/03/2009 | Purchase | 160.00 | 12 | 67 | 518 CHA | 000015174 | 15/07/2025 | 18/02/2017 | 200.00 | Book - Borrowing | 05/03/2009 | ||||||
| Lost and Paid For | Dewey Decimal Classification | Baccah | Central Library | Central Library | First floor | 05/03/2009 | Purchase | 160.00 | 1 | 518 CHA | 000015173 | 13/07/2009 | 10/06/2009 | 200.00 | Book - Borrowing | 160 | ||||||
| Dewey Decimal Classification | Baccah | Central Library | Central Library | First floor | 22/03/2009 | Purchase | 160.00 | 14 | 43 | 518 CHA | 000030192 | 15/07/2025 | 03/03/2016 | 200.00 | NB - Book (Non borrowing) | |||||||
| Lost | Dewey Decimal Classification | Central Library | Central Library | First floor | 28/04/2011 | 160.00 | 518 CHA | 000023429 | 01/07/2011 | 200.00 | Book - Borrowing | 28/04/2011 | Lost In Inventory_2005-2015/8/22 | |||||||||
| Dewey Decimal Classification | Alahram | Central Library | Central Library | First floor | 06/09/2017 | Purchase | 1 | 3 | 518 CHA | 000030193 | 15/07/2025 | 20/02/2018 | Book - Borrowing | 06/09/2017 |